| 000 | 00713nam a22002177a 4500 | ||
|---|---|---|---|
| 003 | OSt | ||
| 005 | 20251208131734.0 | ||
| 008 | 251208b |||||||| |||| 00| 0 eng d | ||
| 020 | _a9781394304226 | ||
| 040 |
_cKABLIB _aKABLIB _beng _erda |
||
| 082 |
_223 _a519.2 _bYAT |
||
| 100 |
_aYates, Roy D. _914744 |
||
| 245 |
_aProbability and Stochastic Processes : _ba friendly Introduction for Electrical and Computer Engineers / _cRoy D. Yates, David J. Goodman |
||
| 250 | _a4th ed. | ||
| 260 |
_aHoboken : _bWiley, _cc2025 |
||
| 300 |
_axvi,560 p. : _bill. ; _c24 cm. |
||
| 504 | _aIncludes references, index. | ||
| 650 |
_aProbability - Mathematics _914746 |
||
| 700 |
_aGoodman, David J. _914747 |
||
| 942 |
_2ddc _cBOOK |
||
| 999 |
_c5846 _d5846 |
||